00318nam a22000977a 4500008004100000082001600041100002400057245010900081260002100190300000900211230609b xxu||||| |||| 00| 0 eng d a332.67bKNA cGovernment of Kenya aTreasury Memorandum on the Implementation Status on the Fifth Report of the Public Investments Committee aKenyabGOKc1995 a913p